[Event "Invitation"]
[Site "http://www.queenalice.com/game.php?id=251423"]
[Date "2007.8.5"]
[Round "-"]
[White "CORREABR"]
[Black "Stulzer"]
[Result "0-1"]
[WhiteElo "1100"]
[BlackElo "1982"]

1. b4 e5 2. c3 Nf6 3. d3 b6 4. Bg5 d5 5. Qa4+ Qd7 6. Qb3 Be7 7. Nf3 e4 8. Ne5
Qf5 9. f4 h6 10. c4 hxg5 11. Qa4+ Bd7 12. Qb3 Bd6 13. cxd5 Bxe5 14. fxe5 Ng4 15.
h3 Qxe5 16. d4 Qf4 17. Nd2 Qf2+ 18. Kd1 Ne3+ 19. Kc1 Qe1+ 20. Kb2 Qxd2+ 21. Ka3
Nc2+ 22. Kb2 Nxd4+ 23. Kb1 e3 24. Qc4 Bf5+ 25. Qd3 Bxd3+ 26. exd3 Qc2# 0-1

[Event "Challenge"]
[Site "http://www.queenalice.com/game.php?id=262360"]
[Date "2007.8.27"]
[Round "-"]
[White "CORREABR"]
[Black "Leao"]
[Result "0-1"]
[WhiteElo "1100"]
[BlackElo "1083"]

1. g4 e5 2. b4 Bxb4 3. Bg2 d5 4. h3 e4 5. a3 Bd6 6. c3 Nc6 7. d3 f5 8. gxf5 Bxf5
9. h4 Nf6 10. dxe4 dxe4 11. Bg5 h6 12. f3 hxg5 13. hxg5 Rxh1 14. Bxh1 Bg3+ 15.
Kf1 Qxd1+ 16. Kg2 Nh5 17. Nd2 exf3+ 18. Kxf3 Qxd2 19. Kg2 Be4+ 20. Nf3 Qxe2+ 21.
Kh3 Bf5# 0-1

[Event "Challenge"]
[Site "http://www.queenalice.com/game.php?id=265039"]
[Date "2007.9.1"]
[Round "-"]
[White "BigDog"]
[Black "CORREABR"]
[Result "0-1"]
[WhiteElo "1349"]
[BlackElo "1108"]

1. c3 d5 2. Nf3 e5 3. Nxe5 g5 4. d4 Nh6 5. g3 c5 6. Bg2 Qf6 7. O-O cxd4 8. Nf3
Ng4 9. Qa4+ b5 10. Qxb5+ Bd7 11. Qxd5 Qh6 12. Qxd4 f6 13. b3 Qh5 14. h4 Nc6 15.
Qe4+ Be7 0-1

[Event "Challenge"]
[Site "http://www.queenalice.com/game.php?id=279535"]
[Date "2007.9.30"]
[Round "-"]
[White "arthur01"]
[Black "CORREABR"]
[Result "0-1"]
[WhiteElo "1057"]
[BlackElo "961"]

1. h4 d5 2. d4 e6 3. g4 c5 4. b3 cxd4 5. Qxd4 Nc6 6. Qd2 Bc5 7. Ba3 Bd4 8. Bg2
Qf6 9. Nf3 Bxa1 10. Rh3 Nh6 11. Ng5 Nxg4 12. Nf3 Bd4 0-1

[Event "AUTO-BEG-154"]
[Site "http://www.queenalice.com/game.php?id=299456"]
[Date "2007.11.6"]
[Round "1"]
[White "rharshul"]
[Black "CORREABR"]
[Result "1-0"]
[WhiteElo "1489"]
[BlackElo "1172"]

1. e4 e5 2. Nf3 c5 3. Nc3 b6 4. d3 Qf6 5. Bg5 Qd6 6. Nb5 Qc6 7. c4 h6 8. Bh4 Na6
9. Nxe5 Qe6 10. Bg3 Qd6 11. Nxd6+ Bxd6 12. Ng4 Nf6 13. Nxf6+ gxf6 14. Bxd6 Nb4
15. Qf3 Nc2+ 16. Kd2 Nd4 17. Qxf6 Nc6 18. Qxh8# 1-0

[Event "AUTO-BEG-154"]
[Site "http://www.queenalice.com/game.php?id=299457"]
[Date "2007.11.6"]
[Round "1"]
[White "CORREABR"]
[Black "rharshul"]
[Result "0-1"]
[WhiteElo "1272"]
[BlackElo "1557"]

1. e4 e5 2. Bc4 Nf6 3. d3 d5 4. Bb5+ Nc6 5. Ba4 dxe4 6. h3 exd3 7. Bb3 dxc2 8.
Qxc2 Nb4 9. Qc4 Be6 10. Qb5+ c6 11. Qxe5 Nc2+ 12. Bxc2 Qd5 13. Qg3 Bb4+ 14. Kf1
Qc4+ 15. Ne2 Qxc2 16. Kg1 Qd1+ 17. Kh2 Qxe2 18. a3 Bc5 19. Nc3 Qc4 20. Qxg7 Rg8
21. Qxf6 Bd6+ 22. g3 Qc5 23. Rd1 Be5 24. Rd8+ Rxd8 25. Ne4 Qd4 26. f3 Bxf6 27.
b4 Rg6 28. Ra2 Bxa2 29. Bd2 Bd5 30. Nc3 Qf2+ 0-1

[Event "AUTO-BEG-154"]
[Site "http://www.queenalice.com/game.php?id=299485"]
[Date "2007.11.6"]
[Round "1"]
[White "sidclay"]
[Black "CORREABR"]
[Result "1-0"]
[WhiteElo "1356"]
[BlackElo "1127"]

1. e4 b5 2. Nf3 a5 3. Bxb5 c6 4. Bc4 e6 5. O-O a4 6. Ne5 Nh6 7. d4 d6 8. Bxh6
dxe5 9. Be3 Ra5 10. Qd2 exd4 11. Bxd4 Rh5 12. Nc3 f6 13. Qe2 Rh4 14. g3 Rh3 15.
Rad1 f5 16. exf5 Qf6 17. Bxf6 gxf6 18. Bxe6 Ba6 19. Bc4+ Be7 20. Rfe1 1-0

[Event "Challenge"]
[Site "http://www.queenalice.com/game.php?id=303904"]
[Date "2007.11.14"]
[Round "-"]
[White "CORREABR"]
[Black "Dean20"]
[Result "0-1"]
[WhiteElo "1172"]
[BlackElo "1721"]

1. e4 c5 2. Bc4 e5 3. Qf3 Nf6 4. d4 cxd4 5. Bg5 Be7 6. c3 Qc7 7. Nd2 Nc6 8. Qg3
Na5 9. Be2 h6 10. Bh4 g5 11. b4 gxh4 12. Qxh4 dxc3 13. Ndf3 c2 14. Rc1 Qc3+ 15.
Nd2 Qb2 16. Nb3 Nxb3 17. f4 Qxc1+ 18. Kf2 Nxe4+ 19. Kf3 Bxh4 20. Kxe4 Qxf4+ 21.
Kd5 Qd4# 0-1

[Event "Iniciantes"]
[Site "http://www.queenalice.com/game.php?id=305581"]
[Date "2007.11.17"]
[Round "-"]
[White "CORREABR"]
[Black "alyne_gracyelle"]
[Result "0-1"]
[WhiteElo "1318"]
[BlackElo "1572"]

1. e4 c5 2. Bc4 e6 3. Qg4 Nf6 4. Qg5 d6 5. h4 h6 6. Qf4 e5 7. Qf3 Bg4 8. Qb3 Qc7
9. Nc3 Nc6 10. Nb5 Qd7 11. f3 Bh5 12. Bd5 Na5 13. Qd3 a6 14. Na3 Be7 15. Nh3
Nxd5 16. Qxd5 Bxh4+ 17. Nf2 Bxf2+ 18. Kxf2 Bg6 19. b4 Nc6 20. b5 Nb4 21. Qb3
axb5 22. f4 Bxe4 23. fxe5 Qf5+ 24. Ke2 Qxe5 25. d3 Bxg2+ 26. Be3 Bxh1 27. Nxb5
Nd5 28. Nc7+ Nxc7 29. Qxb7 Bxb7 30. Rb1 Nd5 0-1

[Event "Challenge"]
[Site "http://www.queenalice.com/game.php?id=314448"]
[Date "2007.12.3"]
[Round "-"]
[White "CORREABR"]
[Black "Gloria"]
[Result "0-1"]
[WhiteElo "1318"]
[BlackElo "1899"]

1. Nf3 Nf6 2. Nc3 d5 3. Ne5 c5 4. h3 e6 5. f3 Bd6 6. f4 a6 7. e4 d4 8. Na4 b5 9.
Qf3 Bb7 10. g4 Bxe4 11. Qg3 Bxh1 12. g5 Nd5 13. Qh4 bxa4 14. Qh5 Bxe5 15. fxe5
Nc6 16. c4 dxc3 17. bxc3 Nxe5 18. Rb1 Nf3+ 19. Kd1 Nxc3+ 20. Kc2 Nxb1 21. Kxb1
Rb8+ 22. Kc2 Ne1+ 23. Kd1 Bf3+ 24. Be2 Bxh5 25. Bxh5 Rb1 0-1

[Event "AUTO-BEG-163"]
[Site "http://www.queenalice.com/game.php?id=317090"]
[Date "2007.12.8"]
[Round "1"]
[White "CORREABR"]
[Black "Marnik1971"]
[Result "1-0"]
[WhiteElo "1196"]
[BlackElo "1361"]

1. Nc3 e5 2. e4 Qf6 3. Nf3 Na6 4. Nb5 Kd8 5. d4 c6 6. Bg5 Qxg5 7. Nxg5 Nh6 8.
Nc3 f6 9. Nf3 d5 10. dxe5 f5 11. exd5 cxd5 12. Bb5 Nc7 13. a4 a6 14. Nxd5 axb5
15. Ra3 Bd7 16. Rc3 Rc8 17. Nb6 Ke8 18. Qd4 Rd8 19. Rxc7 Be7 20. Rxd7 Rxd7 21.
Qxd7+ Kf7 22. Nd5 Rd8 23. Qxe7+ 1-0

[Event "AUTO-BEG-163"]
[Site "http://www.queenalice.com/game.php?id=317091"]
[Date "2007.12.8"]
[Round "1"]
[White "Marnik1971"]
[Black "CORREABR"]
[Result "0-1"]
[WhiteElo "1367"]
[BlackElo "1237"]

1. e4 e5 2. Qf3 Nf6 3. Na3 Nc6 4. Qc3 Nxe4 5. Qe3 f5 6. f3 Ng5 7. Nh3 Nxh3 8.
gxh3 b6 9. f4 Bc5 10. Qf3 O-O 11. fxe5 Re8 12. Bc4+ d5 13. Bxd5+ Kh8 14. Nc4 Nd4
15. Qd3 Qxd5 16. Rf1 Ba6 17. b3 b5 18. Ne3 Qxe5 19. Bb2 Rad8 20. c3 Nxb3 21.
Rxf5 Qe7 22. Rh5 Rxd3 23. Rd1 Red8 24. Bc1 Bb7 25. Ke2 Bxe3 26. dxe3 Rxd1 0-1

[Event "AUTO-BEG-163"]
[Site "http://www.queenalice.com/game.php?id=317092"]
[Date "2007.12.8"]
[Round "1"]
[White "CORREABR"]
[Black "cvcbrown"]
[Result "1-0"]
[WhiteElo "1301"]
[BlackElo "1213"]

1. e4 d6 2. Bc4 c6 3. Qf3 Nf6 4. e5 dxe5 5. d4 exd4 6. Bg5 Qa5+ 7. c3 e5 8. Bxf6
gxf6 9. Qxf6 Qc7 10. Qxh8 b5 11. Bb3 d3 12. Nf3 Qe7 13. Nxe5 1-0

[Event "AUTO-BEG-163"]
[Site "http://www.queenalice.com/game.php?id=317093"]
[Date "2007.12.8"]
[Round "1"]
[White "cvcbrown"]
[Black "CORREABR"]
[Result "0-1"]
[WhiteElo "1213"]
[BlackElo "1283"]

1. d3 c5 2. c3 Nf6 3. e4 d5 4. Nf3 Bd7 5. Be3 d4 6. cxd4 Qa5+ 7. Bd2 Qb5 8. d5
Qa6 9. d4 c4 10. e5 Nxd5 11. b3 Nc6 12. Ng5 f6 13. Ne4 h5 0-1